000 00425nam a22001697a 4500
003 SGT
005 20260629112859.0
020 _a9789348094322
082 _a618.89
_bK25B
100 _aBOLAND, ROBERT
245 _aKAPLAN & SADICK'S COMPREHENSIVE TB. OF PSYCHIATRY 2 VOLUME SET
250 _a11TH
260 _aPHILADELPHIA
_bWOLTERS KLUWER PUB
_c2025
300 _a2270.4841
650 _aPSYCHIATRY
942 _2ddc
_cBK
999 _c34985
_d34985